000
00309nam a2200145Ia 4500
003
OSt
005
20240326105329.0
008
170523s9999 xx 000 0 und d
020
_a
978-0873892698
040
_c
iimtu meerut
100
_a
HARTZLER
245
0
_a
TEAM FITNESS
260
_b
PHI
942
_2
ddc
_c
02
999
_c
1911
_d
1911